000 00872nam a22001817a 4500
999 _c60739
_d60739
005 20231016170204.0
008 231016s1979 ru ||||| |||| 00| 0 rus d
041 _arus
080 _aРедер, Д. Г.
100 _aРедер Д. Г.
_920100
245 _aИстория древнего мира :
_bЧасть 1. Первобытное общество и Древний Восток /
_cД. Г. Редер, Е. А. Черкасова.
264 _aМосква:
_bПросвещение,
_c1988.
300 _a288 с. :
_bил.;
_c22 см.
653 _aუძველესი მსოფლიო ისტორია
653 _aპირველყოფილი საზოგადოება და ძველი აღმოსავლეთი
700 _aЧеркасова, Е. А.
_eრედაქტორი
_920101
942 _2udc
_cBK